000 00736cab a2200229 4500
001 ABS48232
008 090401t1993 xxu||||| |||| 00| 0 eng d
035 _a(Sirsi) u65585
041 _aeng
100 _aKelly, G.
245 _aMaintaining standards
260 _c1993
350 _a0
490 _aChartered Quantity Surveyor
_v15(7) March 1993, 18(1)
520 _aDiscusses the use of the CATO computer systems to control the coordinated project information (CPI) at the Northern Ireland Housing Executive.
650 _aCOMPUTERS
650 _aCOORDINATED PROJECT INFORMATION
650 _aHOUSING ASSOCIATION
690 _aMANAGEMENT-BUSINESS MANAGEMENT-INFORMATION MANAGEMENT
942 _n0
948 _c04/03/1997
999 _c40907
_d40907